000
00490nam a2200181Ia 4500
008
090124s9999 xx 000 0 und d
082
_b
34662
100
_a
दामले आशा
245
_a
घरदार
250
_a
0
260
_b
पुरुषोत्तम प्रकाशन
_c
1997
300
_a
85
600
_a
दामले आशा
630
_a
घरदार
700
_a
दामले आशा
730
_a
घरदार
942
_c
BOOK
999
_c
100596
_d
100596